000 00517nam a2200169 a 4500
001 000031630
005 20200930063049.0
008 110628s1951 dr 000 0 spa d
040 _aDO-SdBNP
_bspa
_cBNPHU
100 1 _aOrtíz, S. Salvador
_97930
245 1 0 _aConcepto teórico de la renta /
_cS. Salvador Ortíz.
260 _aSanto Domingo :
_bSecretaría de Estado de Finanzas,
_c[1951]?
300 _a1951 ;
_c23 cm.
490 1 _aMaterial técnico
_v4
830 0 _aMaterial técnico
_v4
_957938
049 _aBNPD
999 _c31122
_d31122